Quiz Champions-League // 2010-2020 // - Statistiques

Statistiques générales
  • Ce quiz a été pris 127 fois
  • Le résultat moyen est 8 sur 11
Statistiques - réponses
Hint Réponse % Correct
A inscrit un doublé en finale de ldc en 2017 Cristiano Ronaldo
89%
A marqué un ciseau retourné en finale de ldc en 2018 Gareth Bale
89%
Coach du vainqueur de la ldc en 2019 Jurgen Klopp
85%
Coach du vainqueur de la ldc en 2010 José Mourinho
80%
Unique buteur de la finale de la ldc en 2020 Kingsley Coman
78%
Record de buts sur une seule ldc (CR7 2014) 17
72%
Meilleur joueur de la ldc en 2013 Frank Ribéry
72%
A raté un penalty en finale de ldc en 2016 Antoine Griezmman
70%
Équipe perdant la finale de la ldc en 2012 Bayern Munich
69%
Vainqueur de la ldc en 2015 Barça
63%
Meilleur passeur décisif de la ldc en 2011 Mezut Özil
27%
Aucun quiz correspondant
Distribution des résultats
% des personnes avec chaque résultat
Percentile par nombre de réponses
Votre historique - résultats
Vous n’avez pas pris ce quiz